Об ошибках при использовании непараметрических критериев согласия; Измерительная техника; № 2

書誌詳細
Parent link:Измерительная техника=Measurement Techniques: научно-технический журнал/ Российская Федерация, Федеральное агентство по техническому регулированию и метрологии (Ростехрегулирование) (Госстандарт России).— , 1940-1941, 1955-.— 0368-1025
№ 2.— 2004.— С. 15-20
第一著者: Лемешко Б. Ю.
言語:ロシア語
出版事項: 2004
シリーズ:Общие вопросы метрологии и измерительной техники
主題:
フォーマット: 図書の章
KOHA link:https://koha.lib.tpu.ru/cgi-bin/koha/opac-detail.pl?biblionumber=393306

MARC

LEADER 00000naa2a2200000 4500
001 393306
005 20231101064359.0
035 |a (RuTPU)RU\TPU\prd\29317 
090 |a 393306 
100 |a 20041028a2004 k y0rusy50 ca 
101 0 |a rus 
102 |a RU 
200 1 |a Об ошибках при использовании непараметрических критериев согласия  |f Б. Ю. Лемешко 
225 1 |a Общие вопросы метрологии и измерительной техники 
320 |a Библиогр.: 32 назв. 
461 1 |0 (RuTPU)RU\TPU\prd\1509  |x 0368-1025  |t Измерительная техника  |l Measurement Techniques  |o научно-технический журнал  |f Российская Федерация, Федеральное агентство по техническому регулированию и метрологии (Ростехрегулирование) (Госстандарт России)  |d 1940-1941, 1955- 
463 1 |0 (RuTPU)RU\TPU\prd\26434  |t № 2  |v С. 15-20  |d 2004 
610 1 |a критерии согласия 
610 1 |a непараметрические критерии 
610 1 |a сложные гипотезы 
610 1 |a проверка 
675 |a 519.25  |v 3 
700 1 |a Лемешко  |b Б. Ю. 
801 1 |a RU  |b 63413507  |c 20041028  |g PSBO 
801 2 |a RU  |b 63413507  |c 20121217  |g RCR 
942 |c BK